Building university electronic educational environments : IFIP TC3 WG3.2/3.6 International Working Conference on Building University Electronic Educational Environments August 4-6, 1999, Irvine, California, USA
Αποθηκεύτηκε σε:
| Συλλογικό Έργο: | , |
|---|---|
| Άλλοι συγγραφείς: | , |
| Μορφή: | Πρακτικό Συνεδρίου Βιβλίο |
| Γλώσσα: | English |
| Δημοσίευση: |
Boston :
Kluwer Academic Publishers,
c2000.
|
| Σειρά: | International Federation for Information Processing ;
38 |
| Θέματα: | |
| Ετικέτες: |
Προσθήκη ετικέτας
Δεν υπάρχουν, Καταχωρήστε ετικέτα πρώτοι!
|
MARC
| LEADER | 00000cam a2200000 i 4500 | ||
|---|---|---|---|
| 001 | 1/18667 | ||
| 008 | 010319s2000 mau| ||| |||| ||eng|| | ||
| 020 | |a 0792378318 | ||
| 035 | |l 10066572 | ||
| 040 | |a GR-MyUa |b gre |e AACR2 | ||
| 041 | 0 | |a eng | |
| 082 | 7 | |a 378.175 |2 (22) | |
| 111 | 2 | |a IFIP TC3 WG3.2/3.6 International Working Conference on Building University Elctronic Educational Environments |d (1999 : |c Irvine, Calif.) | |
| 245 | 1 | 0 | |a Building university electronic educational environments : |b IFIP TC3 WG3.2/3.6 International Working Conference on Building University Electronic Educational Environments August 4-6, 1999, Irvine, California, USA / |c edited by Stephen D. Franklin, Ellen Strenski. |
| 260 | |a Boston : |b Kluwer Academic Publishers, |c c2000. | ||
| 300 | |a xvi, 273 σ. : |b εικ. ; |c 25 εκ. | ||
| 490 | 1 | |a (International Federation for Information Processing ; |v 38) | |
| 504 | |a Περιλαμβάνει βιβλιογραφικές παραπομπές. | ||
| 650 | 0 | |a Distance education |x Computer-assisted instruction |x Congresses. | |
| 650 | 0 | |a Telecommunication in higher education |x Congresses. | |
| 650 | 0 | |a Internet in education |x Congresses. | |
| 650 | 0 | |a World Wide Web |x Congresses. | |
| 700 | 1 | |a Franklin, Stephen D. |e edt | |
| 700 | 1 | |a Strenski, Ellen, |d 1942- |e edtf | |
| 710 | 2 | |a International Federation for Information Processing. | |
| 830 | 0 | |a International Federation for Information Processing ; |v 38 | |
| 852 | |a INST |b SAMOS |e 20010319 |h 378.175 IFI |p 005300021310 |q 005300021310 |t BK |y 0 | ||
| 901 | |a BIBL3-2001-1 | ||
| 922 | |a 3ΕΛΗ |b 200102 |c ΤΠΕΣ/ΚΒ |d Μιχαλόπουλος | ||
| 950 | |a 133-2000-12-07 | ||
| 970 | |a Κοσιέρης |b Χρήστος |z 21/03/2001 | ||